000
00295nam a2200097Ia 4500
008
220204s9999 xx 000 0 und d
082
_a
5(038)
_b
VIJ.1
245
0
_a
Vijnana Sabdavali. V 1. Science glossary-1. (English Malayalam)
260
_a
Trivandrum
_b
State Inst of Languages
_c
1969
942
_c
BK
999
_c
21458
_d
21458